Finančná kríza a predpokladaný vývoj realitného trhu v Slovenskej republike

Pohľad na slovenský realitný trh, jeho vývoj v súčasnosti a prognóza vývoja do budúcnosti. Stavebníctvo a stavebná produkcia tvoria dôležitú súčasť ekonomiky SR a keďže ide o dlhodobý statok, je logické, že táto oblasť ekonomiky bola zasiahnutá krízou ako prvá. Článok analyzuje vplyv finančnej krízy...

Descripción completa

Guardado en:
Detalles Bibliográficos
Autor principal: Kardoš, Peter
Otros Autores: Jakubec, Miroslav
Formato: Capítulo de libro
Lenguaje:eslovaco
Materias:
Etiquetas: Agregar Etiqueta
Sin Etiquetas, Sea el primero en etiquetar este registro!

MARC

LEADER 00000naa$a2200000$$$4500
001 0090547
005 20240502072019.0
041 0 |a slo 
044 |a SK 
245 1 0 |a Finančná kríza a predpokladaný vývoj realitného trhu v Slovenskej republike  |c Peter Kardoš, Miroslav Jakubec 
520 |a Pohľad na slovenský realitný trh, jeho vývoj v súčasnosti a prognóza vývoja do budúcnosti. Stavebníctvo a stavebná produkcia tvoria dôležitú súčasť ekonomiky SR a keďže ide o dlhodobý statok, je logické, že táto oblasť ekonomiky bola zasiahnutá krízou ako prvá. Článok analyzuje vplyv finančnej krízy na slovenskú ekonomiku ako takú a najmä na trh s dlhodobými statkami. Tieto skutočnosti sú zohľadňované pri prognózach na realitnom trhu v budúcnosti. 
610 2 0 |a kríza finančná 
610 2 0 |a trhy 
610 2 0 |a nehnuteľnosti 
610 2 0 |a svet 
610 2 0 |a Slovensko 
610 2 0 |a stavebníctvo 
610 2 0 |a prognózovanie 
100 1 |a Kardoš, Peter 
700 1 |a Jakubec, Miroslav